Catálogo

Monsieur Ibrahim et les fleurs du Coran / (Registro nro. 24268)

Detalles MARC
000 -LEADER
fixed length control field 01447cam a2200361 i 4500
001 - CONTROL NUMBER
control field 24268
003 - CONTROL NUMBER IDENTIFIER
control field Mx-PuUPA
005 - DATE AND TIME OF LATEST TRANSACTION
control field 20250422152037.0
008 - FIXED-LENGTH DATA ELEMENTS--GENERAL INFORMATION
fixed length control field 140415s2001 fr gr 000 0 fra d
020 ## - INTERNATIONAL STANDARD BOOK NUMBER
International Standard Book Number 9782210754676
040 ## - CATALOGING SOURCE
Original cataloging agency Mx-PuUPA
Language of cataloging spa
Transcribing agency Mx-PuUPA
Modifying agency Mx-PuUPA
Description conventions rda
041 0# - LANGUAGE CODE
Language code of text/sound track or separate title fre
043 ## - GEOGRAPHIC AREA CODE
Geographic area code e-fr---
100 1# - MAIN ENTRY--PERSONAL NAME
Personal name Schmitt, Éric-Emmanuel,
Dates associated with a name 1960-
9 (RLIN) 16898
Relator term autor
245 10 - TITLE STATEMENT
Title Monsieur Ibrahim et les fleurs du Coran /
Statement of responsibility, etc. Éric-Emmanuel Schmitt ; présentation, notes, questions et après-texte établis par Josiane Grinfas-Bouchibti
264 #1 - PRODUCTION, PUBLICATION, DISTRIBUTION, MANUFACTURE, AND COPYRIGHT NOTICE
Place of production, publication, distribution, manufacture Paris :
Name of producer, publisher, distributor, manufacturer Magnard,
Date of production, publication, distribution, manufacture, or copyright notice 2001
300 ## - PHYSICAL DESCRIPTION
Extent 109 páginas ;
Dimensions 18 cm
336 ## - CONTENT TYPE
Fuente rdacontent
Content type term texto
Content type code txt
337 ## - MEDIA TYPE
Source rdamedia
Media type term sin medio
Media type code n
338 ## - CARRIER TYPE
Source rdacarrier
Carrier type term volumen
Carrier type code nc
490 0# - SERIES STATEMENT
Series statement Classiques & Contemporains ;
Volume/sequential designation 27
521 1# - TARGET AUDIENCE NOTE
Target audience note Collège cycle 4: Vivre avec autrui (5e) - Lecture cursive (4e et 3e).<br/>Lycée professionnel: Identité et diversité (Tle).
650 #7 - SUBJECT ADDED ENTRY--TOPICAL TERM
Source of heading or term armarc
Topical term or geographic name entry element Novela social
650 #7 - SUBJECT ADDED ENTRY--TOPICAL TERM
Source of heading or term armarc
Topical term or geographic name entry element Novela psicológica
650 #7 - SUBJECT ADDED ENTRY--TOPICAL TERM
Source of heading or term armarc
Topical term or geographic name entry element Gente de negocios
Geographic subdivision Francia
-- París
General subdivision Novela
650 #7 - SUBJECT ADDED ENTRY--TOPICAL TERM
Source of heading or term armarc
Topical term or geographic name entry element Musulmanes
Geographic subdivision Francia
-- París
General subdivision Novela
650 #7 - SUBJECT ADDED ENTRY--TOPICAL TERM
Source of heading or term armarc
Topical term or geographic name entry element Adolescentes
Geographic subdivision Francia
-- París
General subdivision Novela
650 #7 - SUBJECT ADDED ENTRY--TOPICAL TERM
Source of heading or term armarc
Topical term or geographic name entry element Amistad
General subdivision Novela juvenil
700 1# - ADDED ENTRY--PERSONAL NAME
Personal name Grinfas-Bouchibti, Josiane,
Relator term autor de presentación, notas, preguntas
942 ## - ADDED ENTRY ELEMENTS (KOHA)
Source of classification or shelving scheme Dewey Decimal Classification
Koha item type Libro
Classification part 843.912
Item part S25
Existencias
Withdrawn status Lost status Source of classification or shelving scheme Damaged status Not for loan Collection code Home library Current library Shelving location Date acquired Total Checkouts Full call number Barcode Date last seen Price effective from Koha item type
    Dewey Decimal Classification     General Angelópolis Angelópolis Sala general 22/04/2025   843.912 S25 2004 965000000388 22/04/2025 22/04/2025 Libro